Junie B., first grader : (Record no. 2101)

MARC details
000 -LEADER
fixed length control field 01135cam a2200337 a 4500
005 - DATE AND TIME OF LATEST TRANSACTION
control field 20250206082905.0
020 ## - INTERNATIONAL STANDARD BOOK NUMBER
International Standard Book Number 9780375838095
020 ## - INTERNATIONAL STANDARD BOOK NUMBER
International Standard Book Number 97880545152976
020 ## - INTERNATIONAL STANDARD BOOK NUMBER
International Standard Book Number 9780375938092
040 ## - CATALOGING SOURCE
Original cataloging agency DLC
Transcribing agency DLC
Language of cataloging eng
050 00 - LIBRARY OF CONGRESS CALL NUMBER
Classification number PZ7.P2197
Item number Jsh 2007
082 00 - DEWEY DECIMAL CLASSIFICATION NUMBER
Classification number 808.8027
Edition number 22
100 1# - MAIN ENTRY--PERSONAL NAME
Personal name Park, Barbara
245 10 - TITLE STATEMENT
Title Junie B., first grader :
Remainder of title dumb bunny /
Statement of responsibility, etc. Barbara Park ; illustrated by Denise Brunkus.
246 30 - VARYING FORM OF TITLE
Title proper/short title Dumb bunny
260 ## - PUBLICATION, DISTRIBUTION, ETC.
Place of publication, distribution, etc. New York :
Name of publisher, distributor, etc. Random House,
Date of publication, distribution, etc. 2007
300 ## - PHYSICAL DESCRIPTION
Extent 119 pages :
Other physical details illustrations
Dimensions 20 cm
490 0# - SERIES STATEMENT
Series statement Laugh out loud with Junie B. Jones
Volume/sequential designation 27
505 ## - FORMATTED CONTENTS NOTE
Formatted contents note I
520 ## - SUMMARY, ETC.
Summary, etc. First grader Junie B. Jones is determined to win the grand prize at wealthy classmate Lucille's Easter egg hunt--a playdate in Lucille's heated swimming pool.
521 ## - TARGET AUDIENCE NOTE
Target audience note 410
Source Lexile
521 ## - TARGET AUDIENCE NOTE
Target audience note I
Source Raz-Plus
650 #1 - SUBJECT ADDED ENTRY--TOPICAL TERM
Topical term or geographic name entry element Easter egg hunts
Form subdivision Fiction
650 #1 - SUBJECT ADDED ENTRY--TOPICAL TERM
Topical term or geographic name entry element Winning and losing
Form subdivision Fiction.
650 #1 - SUBJECT ADDED ENTRY--TOPICAL TERM
Topical term or geographic name entry element Parties
Form subdivision Fiction.
650 #1 - SUBJECT ADDED ENTRY--TOPICAL TERM
Topical term or geographic name entry element Humorous stories.
700 1# - ADDED ENTRY--PERSONAL NAME
Personal name Brunkus, Denise
Relator term illustrator
906 ## - LOCAL DATA ELEMENT F, LDF (RLIN)
a 7
b cbc
c orignew
d 1
e ecip
f 20
g y-gencatlg
942 ## - ADDED ENTRY ELEMENTS (KOHA)
Source of classification or shelving scheme Dewey Decimal Classification
Koha item type Books
Suppress in OPAC No
999 ## -
-- 2101
-- 2101
Holdings
Withdrawn status Lost status Source of classification or shelving scheme Damaged status Not for loan Collection Home library Current library Shelving location Date acquired Total Checkouts Full call number Barcode Date last seen Date last checked out Copy number Price effective from Koha item type
    Dewey Decimal Classification     Juvenile Fiction Footprints International School Library Network Toul Kork Campus Footprints International School Library Network Toul Kork Campus TTP Primary Dark Blue Bookshelves 11/06/2023 2 PAR 808.8027 PZ7.P2197 FISTK00287 07/22/2025 07/14/2025 1 11/06/2023 Books
    Dewey Decimal Classification     Juvenile Fiction Footprints International School Library Network Toul Kork Campus Footprints International School Library Network Toul Tom Poung Campus TTP Primary Dark Blue Bookshelves 02/06/2025 1 PAR 808.8027 PZ7.P2197 2025-0420 10/08/2025 09/17/2025 2 02/06/2025 Books